[Event "IX Festival U16"]
[Site "Amantea ITA"]
[Date "2011.09.04"]
[Round "1"]
[White "Catapano, Giovanni"]
[Black "Mazzotta, Giuseppe Antonio"]
[Result "1/2-1/2"]
[WhiteElo "1440"]
[BlackElo "1338"]
[PlyCount "90"]
[EventDate "2011.09.04"]

1. e4 e5 2. Nf3 d6 3. Bc4 Nf6 4. Nc3 Nc6 5. O-O Be7 6. d3 O-O 7. Nd5 Nxd5 8.
Bxd5 Nb4 9. Bb3 h6 10. Qd2 d5 11. Nxe5 Qd6 12. Nf3 dxe4 13. dxe4 Qxd2 14. Bxd2
c5 15. a3 Nc6 16. Bc3 Bd7 17. Rad1 Rfd8 18. Bd5 Nb8 19. Bxb7 Bb5 20. Rxd8+ Bxd8
21. Bxa8 Bxf1 22. Kxf1 Nd7 23. Ne5 Nf6 24. Nc6 Bb6 25. Bxf6 gxf6 26. e5 f5 27.
Ne7+ Kf8 28. Nxf5 c4 29. Nxh6 Bd4 30. c3 Bxe5 31. Bd5 Bf4 32. Nxf7 Bxh2 33.
Bxc4 Bf4 34. Bb3 Bc1 35. c4 Bxb2 36. c5 Bxa3 37. c6 Ke8 38. c7 Kd7 39. g4 Kxc7
40. Be6 a5 41. g5 Bb2 42. f4 Kc6 43. f5 a4 44. Nh6 Kd6 45. f6 Kxe6 1/2-1/2

[Event "IX Festival U16"]
[Site "Amantea ITA"]
[Date "2011.09.04"]
[Round "1"]
[White "Giampa', Gianvito"]
[Black "Cammareri, Pasquale"]
[Result "1-0"]
[WhiteElo "1344"]
[BlackElo "1452"]
[PlyCount "57"]
[EventDate "2011.09.04"]

1. e4 e6 2. Nf3 d5 3. Nc3 Nf6 4. d3 dxe4 5. Nxe4 Nxe4 6. dxe4 Qxd1+ 7. Kxd1 Nd7
8. Bf4 Bd6 9. e5 Bc5 10. Bg3 O-O 11. c3 b6 12. b4 Be7 13. Bb5 a6 14. Bc6 Rb8
15. Ke2 Rd8 16. Rhd1 b5 17. Rd2 Rb6 18. Nd4 Bb7 19. Bxb7 Rxb7 20. Nc6 Re8 21.
Rxd7 Kf8 22. Rad1 Rb6 23. Rxe7 Rxc6 24. Rxe8+ Kxe8 25. Bh4 f6 26. exf6 gxf6 27.
Bxf6 Kf7 28. Be5 Rc4 29. f3 1-0

[Event "IX Festival U16"]
[Site "Amantea ITA"]
[Date "2011.09.04"]
[Round "1"]
[White "Catapano, Ciro Mikhail"]
[Black "Nazzareno, Carlo"]
[Result "1-0"]
[WhiteElo "1455"]
[BlackElo "1416"]
[PlyCount "42"]
[EventDate "2011.09.04"]

1. e4 e5 2. Nf3 Nc6 3. Nc3 Bc5 4. Bc4 Nf6 5. d3 h6 6. Nb5 O-O 7. Nh4 d6 8. Ng6
Re8 9. Bxf7+ Kxf7 10. Nh4 a6 11. Nc3 Bg4 12. f3 Be6 13. a3 Nd4 14. Nb5 Nxb5 15.
b4 Bb6 16. c3 Nxc3 17. Qc2 Nb5 18. Qd1 Nd4 19. h3 Qd7 20. Bb2 Nb3 21. Rb1 g5
1-0

[Event "IX Festival U16"]
[Site "Amantea ITA"]
[Date "2011.09.04"]
[Round "1"]
[White "Serratore, Florin Lorenzo"]
[Black "Proietto, Francesco"]
[Result "0-1"]
[WhiteElo "1422"]
[BlackElo "1461"]
[PlyCount "80"]
[EventDate "2011.09.04"]

1. e4 Nc6 2. d3 Nf6 3. Be3 e5 4. Nf3 Bd6 5. Nc3 O-O 6. Qd2 Be7 7. O-O-O d6 8.
Ng5 h6 9. Nf3 Bg4 10. h3 Bh5 11. g4 Bg6 12. Nh4 Nxe4 13. Nxg6 Nxd2 14. Nxf8
Nxf1 15. Rdxf1 Qxf8 16. Nd5 Rc8 17. Nxe7+ Nxe7 18. g5 hxg5 19. Bxg5 f6 20. Be3
d5 21. Rfg1 d4 22. Bd2 Rd8 23. Rg3 Nf5 24. Rg4 Qf7 25. f4 exf4 26. Rxf4 Ne3 27.
Bxe3 dxe3 28. Rg1 e2 29. Rfg4 Re8 30. Rxg7+ Qxg7 31. Rxg7+ Kxg7 32. b3 e1=Q+
33. Kb2 Qe5+ 34. c3 Qd6 35. Kc2 Re3 36. Kd2 Qxd3+ 37. Kc1 Qxc3+ 38. Kd1 Qd3+
39. Kc1 Re2 40. a4 Qc2# 0-1

[Event "IX Festival U16"]
[Site "Amantea ITA"]
[Date "2011.09.05"]
[Round "2"]
[White "Cammareri, Pasquale"]
[Black "Catapano, Giovanni"]
[Result "1-0"]
[WhiteElo "1452"]
[BlackElo "1440"]
[PlyCount "53"]
[EventDate "2011.09.04"]

1. d4 Nc6 2. Nf3 Nf6 3. e3 e6 4. Bd3 d5 5. O-O Bd6 6. b3 O-O 7. Bb2 Nb4 8. Be2
Ne4 9. Nbd2 Qf6 10. a3 Nc6 11. c4 dxc4 12. Nxe4 Qg6 13. Nxd6 cxd6 14. bxc4 e5
15. dxe5 dxe5 16. Nxe5 Nxe5 17. Bxe5 b6 18. Bf3 Bb7 19. Bxb7 Rad8 20. Qf3 Rfe8
21. Bc7 Rd7 22. Bc6 Rxc7 23. Bxe8 Re7 24. Bc6 Re6 25. Bd5 Rf6 26. Qe4 Qh5 27.
Qe8# 1-0

[Event "IX Festival U16"]
[Site "Amantea ITA"]
[Date "2011.09.05"]
[Round "2"]
[White "Catapano, Ciro Mikhail"]
[Black "Cicero, Angelo"]
[Result "0-1"]
[WhiteElo "1455"]
[BlackElo "1551"]
[PlyCount "66"]
[EventDate "2011.09.04"]

1. e4 e5 2. Nf3 Nc6 3. Bc4 h6 4. O-O Nf6 5. Nc3 Bb4 6. a3 Bxc3 7. bxc3 O-O 8.
d3 d6 9. Be3 Bg4 10. Rb1 b6 11. Bb5 Ne7 12. Qe2 d5 13. exd5 Nfxd5 14. h3 Bh5
15. Nxe5 Bxe2 16. Rfe1 Nxc3 17. Rb3 Nxb5 18. Rxb5 Bh5 19. Bf4 Ng6 20. Nc6 Qd7
21. Be3 Qxc6 22. Rxh5 Rfe8 23. c4 Re5 24. Rxe5 Nxe5 25. d4 Nxc4 26. Bc1 Re8 27.
Rd1 Re4 28. Rd3 Qd5 29. Bb2 Nxb2 30. Rc3 Re1+ 31. Kh2 Qd6+ 32. g3 Qxd4 33. Rb3
Qxf2# 0-1

[Event "IX Festival U16"]
[Site "Amantea ITA"]
[Date "2011.09.05"]
[Round "2"]
[White "Mazzotta, Giuseppe Antonio"]
[Black "Russo, Beatrice"]
[Result "0-1"]
[WhiteElo "1338"]
[BlackElo "1335"]
[PlyCount "78"]
[EventDate "2011.09.04"]

1. e4 c5 2. Bc4 d6 3. d3 Nf6 4. Be3 g6 5. Nc3 Bg7 6. Nf3 Nc6 7. Nb5 a6 8. Nc3
b5 9. Bd5 Bd7 10. Ng5 e6 11. Bxc6 Bxc6 12. O-O b4 13. Ne2 O-O 14. Nf4 Bd7 15.
Rc1 h6 16. Nf3 Ng4 17. h3 Nxe3 18. fxe3 Bxb2 19. Rb1 Bg7 20. d4 g5 21. Ne2 Bb5
22. c3 bxc3 23. a4 Bc6 24. Nxc3 cxd4 25. exd4 Rc8 26. Rb6 Qxb6 27. Kh2 Bb7 28.
Ne2 Bxe4 29. Nd2 Bd5 30. Qa1 Rc2 31. Rd1 Rc7 32. Rb1 Qa7 33. a5 e5 34. Nf3 Bxf3
35. gxf3 exd4 36. Qb2 d3 37. Qb6 Qxb6 38. axb6 Rb7 39. Nc3 Bxc3 0-1

[Event "IX Festival U16"]
[Site "Amantea ITA"]
[Date "2011.09.05"]
[Round "2"]
[White "Proietto, Francesco"]
[Black "Giampa', Gianvito"]
[Result "0-1"]
[WhiteElo "1461"]
[BlackElo "1344"]
[PlyCount "50"]
[EventDate "2011.09.04"]

1. Nf3 Nc6 2. Nc3 e5 3. e4 Nf6 4. d4 exd4 5. Nxd4 Be7 6. Nxc6 bxc6 7. e5 Ng4 8.
Qxg4 d6 9. Qd4 c5 10. Qd2 O-O 11. Nd5 c6 12. Nxe7+ Qxe7 13. Qxd6 Qxd6 14. exd6
Re8+ 15. Be2 Ba6 16. d7 Rxe2+ 17. Kd1 Rd8 18. Bd2 Rxd7 19. Kc1 Rdxd2 20. b3
Rxc2+ 21. Kd1 Rcd2+ 22. Kc1 c4 23. Rd1 Rc2+ 24. Kb1 Rb2+ 25. Kc1 Rec2# 0-1

[Event "IX Festival U16"]
[Site "Amantea ITA"]
[Date "2011.09.06"]
[Round "3"]
[White "Catapano, Giovanni"]
[Black "Proietto, Francesco"]
[Result "1-0"]
[WhiteElo "1440"]
[BlackElo "1461"]
[PlyCount "76"]
[EventDate "2011.09.04"]

1. e4 Nc6 2. Nf3 e5 3. d4 Bd6 4. Bc4 f6 5. O-O Be7 6. Nc3 d6 7. h3 b6 8. d5 Na5
9. Bb5+ Bd7 10. Bxd7+ Qxd7 11. b4 Nb7 12. Qd3 O-O-O 13. Nb5 a6 14. Na7+ Kb8 15.
Qxa6 c6 16. dxc6 Nc5 17. Qxb6+ Qb7 18. cxb7 Nxb7 19. Nc6+ Kc8 20. Nxd8 Bxd8 21.
Qc6+ Bc7 22. Rb1 Ne7 23. Qc4 Rd8 24. Rb3 Rd7 25. Rc3 d5 26. exd5 Nxd5 27. Rd3
Nb6 28. Qc3 Na4 29. Qa3 Rxd3 30. Qxd3 Bb6 31. Qa6 Nc3 32. Qxb6 e4 33. Qc6+ Kb8
34. Qxc3 exf3 35. gxf3 g5 36. Qxf6 g4 37. fxg4 h5 38. gxh5 Nc5 1-0

[Event "IX Festival U16"]
[Site "Amantea ITA"]
[Date "2011.09.06"]
[Round "3"]
[White "Cicero, Angelo"]
[Black "Russo, Beatrice"]
[Result "1-0"]
[WhiteElo "1551"]
[BlackElo "1335"]
[PlyCount "107"]
[EventDate "2011.09.04"]

1. e4 c5 2. Nf3 d6 3. d4 cxd4 4. Nxd4 Nf6 5. Nc3 g6 6. Nf3 Bg7 7. e5 Ng4 8.
exd6 Qxd6 9. Qxd6 exd6 10. Nd5 Nc6 11. Nc7+ Kf8 12. Nxa8 Bf6 13. h3 Nge5 14.
Nxe5 Bxe5 15. Nc7 a6 16. Be3 Bf5 17. O-O-O Ke7 18. Nd5+ Kf8 19. Bd3 Be6 20. Nf4
Bxa2 21. b3 Nb4 22. Bc4 b5 23. Be2 Kg7 24. Nd3 Nd5 25. Nxe5 Nxe3 26. fxe3 dxe5
27. Kb2 Bxb3 28. cxb3 Rc8 29. Rc1 Rd8 30. Rhd1 Re8 31. Rc6 Ra8 32. Rdd6 h5 33.
Rxa6 Rc8 34. Rac6 Re8 35. Bxb5 Re7 36. Rc2 Rb7 37. Ba4 Kh6 38. Rd7 Rxd7 39.
Bxd7 f5 40. Rc6 e4 41. Bxf5 Kg5 42. Bxg6 Kh4 43. Bxe4 Kg3 44. Rg6+ Kf2 45. b4
Kxe3 46. b5 Kxe4 47. b6 Kf5 48. Rc6 Kf4 49. Rc5 h4 50. b7 Kg3 51. b8=Q+ Kxg2
52. Qg8+ Kxh3 53. Rc4 Kh2 54. Rxh4# 1-0

[Event "IX Festival U16"]
[Site "Amantea ITA"]
[Date "2011.09.06"]
[Round "3"]
[White "Giampa', Gianvito"]
[Black "Catapano, Ciro Mikhail"]
[Result "1-0"]
[WhiteElo "1344"]
[BlackElo "1455"]
[PlyCount "73"]
[EventDate "2011.09.04"]

1. e4 e5 2. Bc4 Nf6 3. Nf3 Nc6 4. Nc3 Bc5 5. d3 h6 6. O-O O-O 7. Nd5 d6 8.
Nxf6+ Qxf6 9. c3 Bg4 10. d4 exd4 11. cxd4 Nxd4 12. Be2 Nxf3+ 13. Bxf3 Bxf3 14.
Qxf3 Qxf3 15. gxf3 c6 16. f4 d5 17. exd5 cxd5 18. Rd1 d4 19. a3 Rfe8 20. b4 Bb6
21. a4 Re4 22. a5 Bc7 23. f5 f6 24. f4 Bxf4 25. Rxd4 Bxh2+ 26. Kg2 Rxd4 27.
Kxh2 Rxb4 28. Bd2 Rg4 29. Kh3 Rd4 30. Bc3 Rd3+ 31. Kg4 Rxc3 32. a6 bxa6 33.
Rxa6 Rc4+ 34. Kh5 Rc5 35. Kg6 Rb8 36. Rxa7 Rbb5 37. Ra8+ 1-0

[Event "IX Festival U16"]
[Site "Amantea ITA"]
[Date "2011.09.06"]
[Round "3"]
[White "Serratore, Florin Lorenzo"]
[Black "Cammareri, Pasquale"]
[Result "1-0"]
[WhiteElo "1422"]
[BlackElo "1452"]
[PlyCount "43"]
[EventDate "2011.09.04"]

1. d4 e6 2. e3 d5 3. c3 Nf6 4. Nf3 c5 5. Bb5+ Bd7 6. Bxd7+ Qxd7 7. b3 Nc6 8.
O-O Bd6 9. Ba3 b6 10. b4 cxb4 11. cxb4 Nxb4 12. Bxb4 Bxb4 13. Ne5 Qc7 14. Qa4+
Nd7 15. Nxd7 Qxd7 16. Qxd7+ Kxd7 17. Rc1 Rhc8 18. h3 Rxc1+ 19. Kh2 Bc3 20. Nxc3
Rxa1 21. a4 Rc8 22. g4 {phone default} 1-0

[Event "IX Festival U16"]
[Site "Amantea ITA"]
[Date "2011.09.07"]
[Round "4"]
[White "Cammareri, Pasquale"]
[Black "Catapano, Ciro Mikhail"]
[Result "1-0"]
[WhiteElo "1452"]
[BlackElo "1455"]
[PlyCount "71"]
[EventDate "2011.09.04"]

1. d4 d5 2. Nf3 Nc6 3. e3 Bg4 4. Bd3 e6 5. O-O Qf6 6. b3 Bxf3 7. Qxf3 Qxf3 8.
gxf3 Bd6 9. e4 dxe4 10. Bxe4 Nf6 11. Bxc6+ bxc6 12. Bb2 O-O 13. Nd2 Rab8 14. c4
Bf4 15. Ne4 Nxe4 16. fxe4 Rb4 17. Ba3 Rfb8 18. Bxb4 Rxb4 19. Rad1 e5 20. dxe5
g6 21. Rd8+ Kg7 22. Re8 Rb6 23. Re7 Ra6 24. Rxc7 Rxa2 25. Rxc6 Bxe5 26. Rd1 a5
27. Ra6 Bf6 28. e5 Bh4 29. f3 Bf2+ 30. Kf1 Bh4 31. Rd3 Rf2+ 32. Kg1 Re2 33. Kf1
Re1+ 34. Kg2 Re2+ 35. Kh3 Be1 36. e6 1-0

[Event "IX Festival U16"]
[Site "Amantea ITA"]
[Date "2011.09.07"]
[Round "4"]
[White "Giampa', Gianvito"]
[Black "Cicero, Angelo"]
[Result "0-1"]
[WhiteElo "1344"]
[BlackElo "1551"]
[PlyCount "82"]
[EventDate "2011.09.04"]

1. d4 Nf6 2. f4 g6 3. Nf3 d6 4. e3 Bg7 5. Bd3 O-O 6. c3 Re8 7. Qc2 Nc6 8. Nbd2
e5 9. fxe5 dxe5 10. Nxe5 Nxe5 11. dxe5 Rxe5 12. Nf3 Re8 13. h4 Ng4 14. Ng5 Nxe3
15. Bxe3 Rxe3+ 16. Kd2 Rg3 17. Nxh7 Rxg2+ 18. Kd1 Rxc2 19. Kxc2 Kxh7 20. h5 Kg8
21. h6 Bh8 22. h7+ Kg7 23. Raf1 Qd5 24. c4 Qg2+ 25. Kc3 Qg3 26. c5 Bf5 27. Rd1
Bxd3 28. Rxd3 Qe5+ 29. Kc4 Re8 30. Rh4 Qe6+ 31. Kc3 Qf6+ 32. Rdd4 Rd8 33. Rhf4
Qe7 34. Rxd8 Qxd8 35. Rd4 Qf6 36. b4 Kxh7 37. b5 Qxd4+ 38. Kb3 Qxc5 39. a4 Bc3
40. Ka2 Qb4 41. b6 Qb2# 0-1

[Event "IX Festival U16"]
[Site "Amantea ITA"]
[Date "2011.09.07"]
[Round "4"]
[White "Nazzareno, Carlo"]
[Black "Catapano, Giovanni"]
[Result "0-1"]
[WhiteElo "1416"]
[BlackElo "1440"]
[PlyCount "50"]
[EventDate "2011.09.04"]

1. e4 e5 2. Nc3 Nf6 3. Nf3 Nc6 4. d4 exd4 5. Nxd4 Nxd4 6. Qxd4 d6 7. Qd1 Bg4 8.
f3 Be6 9. Bg5 Be7 10. Nd5 Bxd5 11. exd5 O-O 12. Bxf6 Bxf6 13. c3 Re8+ 14. Kf2
Re5 15. Bd3 Rxd5 16. Qc2 Qd7 17. Rhe1 Re8 18. Bxh7+ Kf8 19. Re4 g6 20. Rae1
Rxe4 21. fxe4 Rh5 22. e5 dxe5 23. Bxg6 fxg6 24. Qxg6 Rxh2 25. Qxf6+ Kg8 0-1

[Event "IX Festival U16"]
[Site "Amantea ITA"]
[Date "2011.09.07"]
[Round "4"]
[White "Proietto, Francesco"]
[Black "Mazzotta, Giuseppe Antonio"]
[Result "1-0"]
[WhiteElo "1461"]
[BlackElo "1338"]
[PlyCount "91"]
[EventDate "2011.09.04"]

1. Nf3 d5 2. d4 Nf6 3. Nc3 Bf5 4. e3 Nc6 5. Bb5 a6 6. Bxc6+ bxc6 7. O-O e6 8.
Bd2 c5 9. Re1 Bd6 10. Nh4 Ne4 11. Nxf5 exf5 12. Nxe4 fxe4 13. c3 O-O 14. Rc1 a5
15. c4 c6 16. cxd5 cxd5 17. dxc5 Be5 18. Bc3 Qc7 19. g3 Bxc3 20. Rxc3 Rfd8 21.
c6 h6 22. Re2 Rac8 23. Rec2 Rd6 24. Qc1 f6 25. a3 g6 26. b4 axb4 27. axb4 Rb8
28. Rb3 Rb6 29. b5 g5 30. h4 f5 31. h5 Re6 32. Rc5 Re5 33. Qd1 Qd6 34. Qd4 Kf7
35. c7 Rb8 36. cxb8=Q Qxb8 37. Rxd5 Rxd5 38. Qxd5+ Kf6 39. b6 Qe8 40. b7 f4 41.
gxf4 gxf4 42. exf4 Qb8 43. Qxe4 Qg8+ 44. Qg6+ Qxg6+ 45. hxg6 Kxg6 46. b8=Q 1-0

[Event "IX Festival U16"]
[Site "Amantea ITA"]
[Date "2011.09.07"]
[Round "4"]
[White "Russo, Beatrice"]
[Black "Serratore, Florin Lorenzo"]
[Result "1-0"]
[WhiteElo "1335"]
[BlackElo "1422"]
[PlyCount "110"]
[EventDate "2011.09.04"]

1. d4 d5 2. e3 e6 3. c4 Nf6 4. c5 Nc6 5. Nc3 Be7 6. Nf3 O-O 7. Bb5 Bd7 8. O-O
a6 9. Bxc6 Bxc6 10. Bd2 b6 11. cxb6 cxb6 12. Ne5 Bd6 13. Nxc6 Qd7 14. Ne5 Qc7
15. Rc1 Bxe5 16. dxe5 Qxe5 17. b3 h5 18. Ne2 Ng4 19. g3 h4 20. Bc3 Qh5 21. Qd4
f6 22. f3 e5 23. Qxg4 Qxg4 24. fxg4 hxg3 25. Nxg3 Rad8 26. Rcd1 Kf7 27. Nf5 Rh8
28. Rf2 Rh3 29. Be1 g6 30. Ng3 d4 31. Re2 Ke6 32. exd4 f5 33. gxf5+ gxf5 34.
Rxe5+ Kf6 35. Rxf5+ Ke6 36. Rg5 Rdh8 37. Rd2 Kf6 38. Re5 Rd8 39. Re3 Rh4 40.
Red3 Re8 41. Bf2 Kg5 42. d5 b5 43. d6 Kf6 44. d7 Rd8 45. Ne4+ Ke7 46. Bxh4+ Ke6
47. Bxd8 Ke5 48. Bh4 Kxe4 49. d8=Q Kf4 50. Qd4+ Kf5 51. Rc3 a5 52. Rc5+ Ke6 53.
Qe4+ Kf7 54. Rf5+ Kg6 55. Qg4+ Kh7 1-0

[Event "IX Festival U16"]
[Site "Amantea ITA"]
[Date "2011.09.08"]
[Round "5"]
[White "Cammareri, Pasquale"]
[Black "Proietto, Francesco"]
[Result "1-0"]
[WhiteElo "1452"]
[BlackElo "1461"]
[PlyCount "67"]
[EventDate "2011.09.04"]

1. d4 d5 2. Nf3 Nc6 3. e3 e6 4. Bd3 Nf6 5. O-O Be7 6. b3 O-O 7. Bb2 Nb4 8. Be2
Re8 9. a3 Nc6 10. Nbd2 Bd6 11. c4 b6 12. Rc1 Qe7 13. cxd5 Nd8 14. Bb5 Bd7 15.
Bxd7 Qxd7 16. dxe6 Nxe6 17. Re1 c5 18. Ne5 Bxe5 19. dxe5 Nd5 20. e4 Ndc7 21.
Nf3 Qc6 22. Qe2 Nf4 23. Qc4 b5 24. Qxc5 Qxc5 25. Rxc5 Nd3 26. Rxc7 Nxb2 27. Rd7
Red8 28. Rxd8+ Rxd8 29. Rc1 Nd1 30. Rc7 Nc3 31. h3 Nxe4 32. Rxa7 h6 33. a4 bxa4
34. bxa4 1-0

[Event "IX Festival U16"]
[Site "Amantea ITA"]
[Date "2011.09.08"]
[Round "5"]
[White "Cicero, Angelo"]
[Black "Catapano, Giovanni"]
[Result "1-0"]
[WhiteElo "1551"]
[BlackElo "1440"]
[PlyCount "59"]
[EventDate "2011.09.04"]

1. e4 e5 2. Nf3 Nc6 3. d4 exd4 4. Nxd4 Nf6 5. Nxc6 bxc6 6. Nc3 Bc5 7. Bg5 O-O
8. Bc4 Qe7 9. O-O Qe5 10. Qd2 Bd6 11. f4 Qc5+ 12. Kh1 Qxc4 13. e5 Ne4 14. Nxe4
Qxe4 15. exd6 cxd6 16. Rfe1 Qg6 17. Be7 Re8 18. Bxd6 Rxe1+ 19. Rxe1 Bb7 20. Bc5
Qh5 21. Qe3 f6 22. Qb3+ Qf7 23. Qxb7 Re8 24. Rxe8+ Qxe8 25. Qxa7 Qe1+ 26. Bg1
Qe8 27. Qc5 Qa8 28. Qc4+ Kh8 29. a4 d5 30. Qb4 1-0

[Event "IX Festival U16"]
[Site "Amantea ITA"]
[Date "2011.09.08"]
[Round "5"]
[White "Mazzotta, Giuseppe Antonio"]
[Black "Serratore, Florin Lorenzo"]
[Result "1-0"]
[WhiteElo "1338"]
[BlackElo "1422"]
[PlyCount "65"]
[EventDate "2011.09.04"]

1. d4 d5 2. Nf3 e6 3. Nc3 Bd6 4. Bd2 Bd7 5. e3 Nc6 6. Bd3 Qe7 7. O-O O-O-O 8.
h3 g6 9. e4 h5 10. exd5 exd5 11. Nxd5 Qe6 12. c4 Nxd4 13. Nxd4 Qe5 14. Nf3 Qe6
15. Bf4 Nf6 16. Bxd6 Nxd5 17. cxd5 cxd6 18. dxe6 Bxe6 19. Ng5 Bd5 20. Bxg6 fxg6
21. Qxd5 Rhf8 22. Ne6 Rf5 23. Qxf5 gxf5 24. Nxd8 Kxd8 25. f3 Kd7 26. Rfe1 Kc6
27. Rac1+ Kd7 28. g4 d5 29. gxf5 d4 30. f6 d3 31. Rcd1 d2 32. Rxd2+ Kc6 33.
Re6+ 1-0

[Event "IX Festival U16"]
[Site "Amantea ITA"]
[Date "2011.09.09"]
[Round "6"]
[White "Catapano, Giovanni"]
[Black "Russo, Beatrice"]
[Result "0-1"]
[WhiteElo "1440"]
[BlackElo "1335"]
[PlyCount "90"]
[EventDate "2011.09.04"]

1. e4 c5 2. Nf3 d6 3. d4 cxd4 4. Nxd4 Nf6 5. Nc3 g6 6. Bc4 Bg7 7. O-O Nc6 8.
Nxc6 bxc6 9. Bb3 O-O 10. Bg5 Bd7 11. Bxf6 Bxf6 12. Qf3 c5 13. Bd5 Rb8 14. Rab1
Qc8 15. b3 Bg4 16. Qd3 Be6 17. Bxe6 Qxe6 18. Rbe1 a6 19. Re3 Rb6 20. Nd5 Rc6
21. Nxf6+ Qxf6 22. Rf3 Qe5 23. Re1 Rfc8 24. Qe3 c4 25. bxc4 Rxc4 26. Rc1 Rxc2
27. Rxc2 Rxc2 28. g3 Qa1+ 29. Kg2 Qxa2 30. Qf4 e5 31. Qf6 Qe6 32. Qd8+ Kg7 33.
Qa8 Ra2 34. Rc3 Qf6 35. Qa7 Re2 36. Rf3 Qe6 37. Qxa6 Rxe4 38. Qd3 Rd4 39. Qe3
Rb4 40. g4 Qxg4+ 41. Kf1 Rb1+ 42. Ke2 Rb2+ 43. Kd3 Rb3+ 44. Ke2 Rxe3+ 45. Kxe3
d5 0-1

[Event "IX Festival U16"]
[Site "Amantea ITA"]
[Date "2011.09.09"]
[Round "6"]
[White "Cicero, Angelo"]
[Black "Cammareri, Pasquale"]
[Result "1/2-1/2"]
[WhiteElo "1551"]
[BlackElo "1452"]
[PlyCount "87"]
[EventDate "2011.09.04"]

1. e4 e6 2. Nf3 d5 3. exd5 exd5 4. d4 Nf6 5. Bg5 c6 6. Nc3 Be7 7. Bd3 O-O 8.
O-O Re8 9. Re1 Bg4 10. Qe2 Nbd7 11. h3 Bxf3 12. Qxf3 h6 13. Bf4 Nb6 14. Qg3 Nh5
15. Qg4 Nxf4 16. Qxf4 Bg5 17. Qf3 Qd6 18. Ne2 Rad8 19. Ng3 Qf4 20. Qxf4 Bxf4
21. Nf5 Nc4 22. Bxc4 dxc4 23. a3 Bg5 24. c3 b5 25. Ne3 a5 26. a4 Bxe3 27. fxe3
b4 28. cxb4 axb4 29. Rac1 Ra8 30. Rxc4 Rxa4 31. Rxc6 Ra2 32. Re2 Rea8 33. d5
Kf8 34. d6 Ke8 35. Rc7 Ra1+ 36. Kf2 Rd1 37. Rc6 Rd8 38. Rb6 R8xd6 39. Rxb4 g5
40. Re4+ Kd7 41. Rc2 R1d2+ 42. Rxd2 Rxd2+ 43. Kf3 Rxb2 44. Kg4 1/2-1/2

[Event "IX Festival U16"]
[Site "Amantea ITA"]
[Date "2011.09.09"]
[Round "6"]
[White "Mazzotta, Giuseppe Antonio"]
[Black "Giampa', Gianvito"]
[Result "1/2-1/2"]
[WhiteElo "1338"]
[BlackElo "1344"]
[PlyCount "44"]
[EventDate "2011.09.04"]

1. d4 d5 2. Nc3 Nf6 3. e3 Nc6 4. Nf3 e6 5. Bd3 Bd6 6. O-O O-O 7. Bd2 b6 8. h3
Nb4 9. Qe2 a5 10. e4 c5 11. e5 c4 12. exf6 cxd3 13. cxd3 Qxf6 14. Nb5 Bb8 15.
Bg5 Qg6 16. h4 Qxd3 17. Qxd3 Nxd3 18. Be7 Re8 19. Bd6 Bxd6 20. Nxd6 Rd8 21. Nb5
Nxb2 22. Rab1 Nd3 1/2-1/2

[Event "IX Festival U16"]
[Site "Amantea ITA"]
[Date "2011.09.09"]
[Round "6"]
[White "Nazzareno, Carlo"]
[Black "Proietto, Francesco"]
[Result "0-1"]
[WhiteElo "1416"]
[BlackElo "1461"]
[PlyCount "24"]
[EventDate "2011.09.04"]

1. e4 e5 2. Nc3 Nf6 3. Nf3 Nc6 4. d4 Nxd4 5. Nxd4 exd4 6. Qxd4 d6 7. Bg5 Be7 8.
Bb5+ Bd7 9. Bxd7+ Qxd7 10. Nb5 Qxb5 11. Qe3 O-O-O 12. Qh3+ 12... Kb8 {...} 0-1

[Event "IX Festival U16"]
[Site "Amantea ITA"]
[Date "2011.09.10"]
[Round "7"]
[White "Catapano, Ciro Mikhail"]
[Black "Serratore, Florin Lorenzo"]
[Result "0-1"]
[WhiteElo "1455"]
[BlackElo "1422"]
[PlyCount "46"]
[EventDate "2011.09.04"]

1. e4 e5 2. Nf3 d6 3. Nc3 Be6 4. Bd3 Be7 5. O-O Qd7 6. Qe2 Nc6 7. Bc4 Bg4 8. d3
O-O-O 9. h3 Nd4 10. Qe3 Nxc2 11. Qd2 Nxa1 12. hxg4 Nf6 13. Ng5 Rdf8 14. Nxf7
Qxg4 15. g3 Rhg8 16. Ng5 h6 17. Be6+ Kd8 18. Bxg8 Rxg8 19. b3 hxg5 20. Bb2 Nd7
21. Bxa1 Rh8 22. Nb5 Qf3 23. Re1 Rh1# 0-1

[Event "IX Festival U16"]
[Site "Amantea ITA"]
[Date "2011.09.10"]
[Round "7"]
[White "Nazzareno, Carlo"]
[Black "Mazzotta, Giuseppe Antonio"]
[Result "0-1"]
[WhiteElo "1416"]
[BlackElo "1338"]
[PlyCount "37"]
[EventDate "2011.09.04"]

1. d4 d5 2. c4 e6 3. Nf3 Nf6 4. Nc3 Nc6 5. a3 b6 6. Be3 Bd6 7. c5 bxc5 8. dxc5
Be5 9. Nxe5 Nxe5 10. g3 Nc4 11. Bg2 Nxb2 12. Qc2 Nc4 13. Qa4+ Bd7 14. Qb3 Rb8
15. Qc2 O-O 16. f4 Nxe3 17. Qd3 Bb5 18. Rb1 Bxd3 19. exd3 0-1

[Event "IX Festival U16"]
[Site "Amantea ITA"]
[Date "2011.09.10"]
[Round "7"]
[White "Proietto, Francesco"]
[Black "Cicero, Angelo"]
[Result "0-1"]
[WhiteElo "1461"]
[BlackElo "1551"]
[PlyCount "60"]
[EventDate "2011.09.04"]

1. Nf3 Nf6 2. Nc3 g6 3. d4 d6 4. e4 Bg7 5. Be2 O-O 6. O-O Re8 7. Re1 a5 8. Bd2
e5 9. dxe5 dxe5 10. Rc1 b6 11. a4 Ba6 12. Bxa6 Nxa6 13. Qe2 Nc5 14. Rcd1 Qc8
15. Nd5 Nxd5 16. exd5 Nxa4 17. b3 Nc5 18. c4 Nxb3 19. Bc3 e4 20. Bxg7 exf3 21.
Qxf3 Kxg7 22. Qxb3 a4 23. Qa3 Qa6 24. Ra1 Qa5 25. h3 Rxe1+ 26. Rxe1 Qxe1+ 27.
Kh2 Qxf2 28. Qc3+ Qf6 29. Qa3 Qd6+ 30. Qxd6 cxd6 0-1

[Event "IX Festival U16"]
[Site "Amantea ITA"]
[Date "2011.09.10"]
[Round "7"]
[White "Russo, Beatrice"]
[Black "Cammareri, Pasquale"]
[Result "0-1"]
[WhiteElo "1335"]
[BlackElo "1452"]
[PlyCount "60"]
[EventDate "2011.09.04"]

1. d4 e6 2. c4 d5 3. e3 Nf6 4. Nc3 c5 5. cxd5 cxd4 6. exd4 exd5 7. Nf3 Bd6 8.
Bg5 O-O 9. Bxf6 Qxf6 10. Nxd5 Qe6+ 11. Be2 Qxd5 12. O-O Nc6 13. Re1 Re8 14. b3
Qf5 15. Bd3 Rxe1+ 16. Nxe1 Qf6 17. d5 Ne5 18. Be2 Bf5 19. Rc1 Rc8 20. Rxc8+
Bxc8 21. Qc2 Bf5 22. Qc1 h6 23. Qe3 b6 24. f4 Bc5 25. fxe5 Bxe3+ 26. Kf1 Qxe5
27. Bc4 Qa1 28. Ke2 Qc1 29. Kf1 Qd2 30. Be2 Bg4 0-1

[Event "IX Festival U16"]
[Site "Amantea ITA"]
[Date "2011.09.10"]
[Round "8"]
[White "Cammareri, Pasquale"]
[Black "Mazzotta, Giuseppe Antonio"]
[Result "1-0"]
[WhiteElo "1452"]
[BlackElo "1338"]
[PlyCount "71"]
[EventDate "2011.09.04"]

1. d4 d5 2. Nf3 Nc6 3. e3 Nf6 4. Bd3 e6 5. O-O Bd7 6. b3 Bd6 7. Bb2 O-O 8. Nbd2
a6 9. c4 dxc4 10. bxc4 b6 11. a3 Na7 12. e4 Be7 13. Qc2 g6 14. Rfe1 b5 15. cxb5
Bxb5 16. Bxb5 Nxb5 17. a4 Na3 18. Bxa3 Bxa3 19. Rxa3 c6 20. Qxc6 Rc8 21. Qxa6
Qc7 22. Raa1 Qd7 23. e5 Ra8 24. Qc4 Rfc8 25. Qb5 Qxb5 26. axb5 Rxa1 27. Rxa1
Nd5 28. Ne4 f5 29. exf6 Nc3 30. Nd6 Rf8 31. f7+ Kg7 32. Ra7 Rb8 33. Rb7 Ra8 34.
h3 Nd5 35. Ne5 Rd8 36. Ne8+ 1-0

[Event "IX Festival U16"]
[Site "Amantea ITA"]
[Date "2011.09.10"]
[Round "8"]
[White "Giampa', Gianvito"]
[Black "Nazzareno, Carlo"]
[Result "1-0"]
[WhiteElo "1344"]
[BlackElo "1416"]
[PlyCount "73"]
[EventDate "2011.09.04"]

1. e4 e5 2. Nf3 Nc6 3. Bb5 Nf6 4. Nc3 d6 5. d4 Bg4 6. Bg5 h6 7. Bxf6 gxf6 8.
Nd5 exd4 9. Be2 Bxf3 10. Bxf3 a6 11. O-O b5 12. c3 h5 13. cxd4 Qd7 14. Ne3 b4
15. d5 a5 16. dxc6 Qxc6 17. e5 dxe5 18. Bxc6+ Ke7 19. Bxa8 Rg8 20. Nf5+ Ke6 21.
Qxh5 Rh8 22. Qxh8 Kxf5 23. Qxf8 c5 24. Qxf7 c4 25. Qxc4 e4 26. Qxe4+ Kg5 27.
h4+ Kh5 28. Rad1 a4 29. Rd5+ Kh6 30. Qe6 Kg6 31. Qf5+ Kf7 32. Re1 a3 33. Qe6+
Kg6 34. h5+ Kh6 35. Qxf6+ Kh7 36. Rd7+ Kg8 37. Qg7# 1-0